[Event "XtraCon-Skakligaen"]
[Site "Denmark"]
[Date "2015.03.01"]
[Round "3.5"]
[White "Pedersen, Finn"]
[Black "Thybo, Jesper Sondergaard"]
[Result "0-1"]
[WhiteElo "2278"]
[BlackElo "2334"]
[PlyCount "148"]
[EventDate "2014.10.25"]
[EventType "team-tourn"]
[EventRounds "9"]
[EventCountry "DEN"]
[WhiteTeam "AarhusSkolerne"]
[BlackTeam "Jetsmark"]
[WhiteTeamCountry "DEN"]
[BlackTeamCountry "DEN"]

1. Nf3 c5 2. e3 Nc6 3. d4 cxd4 4. exd4 d5 5. c3 Qc7 6. Bd3 Bg4 7. Bg5 e6 8.
Nbd2 Bd6 9. Bh4 Bh5 10. Bg3 Bg6 11. Qe2 Nge7 12. Bxd6 Qxd6 13. O-O O-O 14. Rfe1
Rab8 15. a4 Rfc8 16. Bxg6 Nxg6 17. Nb3 Nge7 18. g3 Qd8 19. Ng5 Qe8 20. Qd3 Ng6
21. Nc5 h6 22. Nf3 Na5 23. Re2 b6 24. Na6 Ra8 25. Nd2 Ne7 26. Nb4 Qd8 27. Nc2
Nf5 28. Ne3 Nd6 29. f4 Qd7 30. Ng4 Rc7 31. Ne5 Qd8 32. g4 Rac8 33. Qg3 Nac4 34.
Ndxc4 Nxc4 35. Nxc4 Rxc4 36. g5 g6 37. gxh6 Kh7 38. Qg5 Qf8 39. Qf6 R4c7 40. a5
b5 41. Rg2 Qxh6 42. Rg4 Kg8 43. Re1 Qg7 44. Qe5 b4 45. cxb4 Rc2 46. b3 Rd2 47.
f5 Qxe5 48. dxe5 exf5 49. Rg2 Rd4 50. e6 Rxb4 51. Rd2 Rg4+ 52. Kf2 d4 53. b4
Kf8 54. b5 Rc4 55. Rb2 Rf4+ 56. Kg3 Rg4+ 57. Kf2 fxe6 58. Rxe6 d3 59. b6 Rc2+
60. Rxc2 dxc2 61. bxa7 c1=Q 62. a8=Q+ Kg7 63. Qa7+ Kh6 64. Qe3+ Rf4+ 65. Kg3
Qxe3+ 66. Rxe3 Ra4 67. Re5 Kg5 68. Rb5 Ra3+ 69. Kg2 Ra4 70. Kg3 Ra2 71. Rc5
Ra3+ 72. Kg2 Kg4 73. Rc4+ f4 74. h3+ Kg5 0-1

[Event "XtraCon-Skakligaen"]
[Site "Denmark"]
[Date "2015.03.01"]
[Round "3.6"]
[White "Helledie, Anders"]
[Black "Rendboe, John Filip"]
[Result "1-0"]
[WhiteElo "2266"]
[BlackElo "2196"]
[PlyCount "121"]
[EventDate "2014.10.25"]
[EventType "team-tourn"]
[EventRounds "9"]
[EventCountry "DEN"]
[WhiteTeam "Jetsmark"]
[BlackTeam "AarhusSkolerne"]
[WhiteTeamCountry "DEN"]
[BlackTeamCountry "DEN"]

1. e4 c5 2. Nc3 Nc6 3. g3 g6 4. Bg2 Bg7 5. d3 d6 6. Be3 e6 7. Qd2 Nd4 8. Nd1 e5
9. c3 Nc6 10. Ne2 Nf6 11. h3 O-O 12. O-O Re8 13. f4 exf4 14. Nxf4 c4 15. Nf2
cxd3 16. Qxd3 Ne5 17. Qc2 Bd7 18. Rad1 Qc7 19. Rfe1 b5 20. N2d3 Nxd3 21. Qxd3
Bc6 22. Qxd6 Qxd6 23. Rxd6 Bxe4 24. Ra6 Bxg2 25. Kxg2 g5 26. Nd3 Rad8 27. Nb4
Rd7 28. Nc2 h6 29. Rxa7 Rd3 30. Rb7 Nd5 31. Bf2 Ra8 32. Re2 Rxa2 33. Rxb5 Ra8
34. Nb4 Nxb4 35. Rxb4 Rd1 36. Rb7 Rad8 37. Ree7 Rf8 38. Red7 Rxd7 39. Rxd7 Rb8
40. Rd2 f5 41. Kf3 Kf7 42. Ke2 Ke6 43. Kd3 Be5 44. b4 h5 45. Re2 Kf6 46. Bd4
Bxd4 47. Kxd4 Rd8+ 48. Kc4 Rc8+ 49. Kb3 f4 50. gxf4 gxf4 51. b5 Kf5 52. c4 f3
53. Re1 Kf4 54. Kb4 f2 55. Rf1 Kg3 56. b6 h4 57. c5 Kg2 58. Rxf2+ Kxf2 59. b7
Rf8 60. c6 Kg3 61. c7 1-0

[Event "XtraCon-Skakligaen"]
[Site "Denmark"]
[Date "2015.03.01"]
[Round "3.8"]
[White "Rathlev, Jakob"]
[Black "Tettinek, Michael"]
[Result "1-0"]
[WhiteElo "2238"]
[BlackElo "2041"]
[PlyCount "83"]
[EventDate "2014.10.25"]
[EventType "team-tourn"]
[EventRounds "9"]
[EventCountry "DEN"]
[WhiteTeam "Jetsmark"]
[BlackTeam "AarhusSkolerne"]
[WhiteTeamCountry "DEN"]
[BlackTeamCountry "DEN"]

1. Nf3 Nf6 2. b3 d6 3. Bb2 e5 4. g3 Be7 5. Bg2 c6 6. c4 Qb6 7. O-O O-O 8. Nc3
Bf5 9. d4 Nbd7 10. Rc1 Rad8 11. d5 Ne4 12. Nxe4 Bxe4 13. Nxe5 cxd5 14. Nxd7
Rxd7 15. cxd5 Bxg2 16. Kxg2 Qa5 17. Rc2 f5 18. e3 h5 19. h4 g6 20. Qd3 Bf6 21.
Bxf6 Rxf6 22. Rfc1 Rf8 23. Qd4 a6 24. Rc8 Rdf7 25. a4 b5 26. R1c6 bxa4 27. bxa4
Rd8 28. Kh2 Kh7 29. Rxd8 Qxd8 30. Rxa6 Rg7 31. a5 g5 32. Ra7 Rxa7 33. Qxa7+ Kg6
34. Qb6 Qe7 35. hxg5 Kxg5 36. a6 h4 37. gxh4+ Kxh4 38. Qd4+ Kg5 39. a7 Qf8 40.
Qa1 Qa8 41. Qg7+ Kh5 42. f4 1-0

[Event "XtraCon-Skakligaen"]
[Site "Denmark"]
[Date "2014.12.14"]
[Round "3.1"]
[White "Andersen, Mads"]
[Black "Matthiesen, Arne"]
[Result "1/2-1/2"]
[WhiteElo "2485"]
[BlackElo "2359"]
[PlyCount "68"]
[EventDate "2014.10.25"]
[EventType "team-tourn"]
[EventRounds "9"]
[EventCountry "DEN"]
[WhiteTeam "Skanderborg"]
[BlackTeam "SK1968"]
[WhiteTeamCountry "DEN"]
[BlackTeamCountry "DEN"]

1. d4 Nf6 2. c4 g6 3. Nc3 Bg7 4. e4 d6 5. Nf3 O-O 6. Be2 c5 7. d5 e6 8. O-O Re8
9. h3 exd5 10. exd5 Na6 11. Bd3 Qb6 12. a3 Bd7 13. Rb1 Re7 14. Bd2 Qd8 15. Bf4
Ne8 16. Qd2 Nac7 17. Rfe1 b6 18. Bg5 f6 19. Bf4 Rb8 20. b4 Rxe1+ 21. Rxe1 f5
22. Bg5 Nf6 23. Bh6 Qf8 24. Bxg7 Qxg7 25. Qf4 Re8 26. Rc1 Qe7 27. bxc5 bxc5 28.
Rb1 Bc8 29. Qd2 Nd7 30. Bc2 Nb6 31. Qf4 Ba6 32. Bb3 Qf6 33. Rc1 Kg7 34. a4 Nd7
1/2-1/2

[Event "XtraCon-Skakligaen"]
[Site "Denmark"]
[Date "2014.12.14"]
[Round "3.2"]
[White "Bank, Pelle Rodkjaer"]
[Black "Palo, Davor"]
[Result "0-1"]
[WhiteElo "2329"]
[BlackElo "2558"]
[PlyCount "50"]
[EventDate "2014.10.25"]
[EventType "team-tourn"]
[EventRounds "9"]
[EventCountry "DEN"]
[WhiteTeam "SK1968"]
[BlackTeam "Skanderborg"]
[WhiteTeamCountry "DEN"]
[BlackTeamCountry "DEN"]

1. d4 Nf6 2. Nc3 d5 3. Bf4 Bf5 4. f3 e6 5. Nb5 Na6 6. g4 Bg6 7. h4 c6 8. Nc3 h5
9. g5 Nd7 10. e4 Bb4 11. Qd2 O-O 12. a3 Bxc3 13. Qxc3 dxe4 14. O-O-O Nc7 15.
Qe1 exf3 16. Nxf3 Re8 17. Ne5 Nxe5 18. Bxe5 Nd5 19. Bg2 b5 20. Bf3 b4 21. axb4
a5 22. Qe2 axb4 23. Bxh5 Nc3 24. Qf3 Ne4 25. c4 b3 0-1

[Event "XtraCon-Skakligaen"]
[Site "Denmark"]
[Date "2014.12.14"]
[Round "3.3"]
[White "Pedersen, Nicolai Vesterbaek"]
[Black "Hansen, Lars"]
[Result "0-1"]
[WhiteElo "2400"]
[BlackElo "2273"]
[PlyCount "48"]
[EventDate "2014.10.25"]
[EventType "team-tourn"]
[EventRounds "9"]
[EventCountry "DEN"]
[WhiteTeam "Skanderborg"]
[BlackTeam "SK1968"]
[WhiteTeamCountry "DEN"]
[BlackTeamCountry "DEN"]

1. c4 b6 2. b3 Bb7 3. Bb2 e6 4. e3 Nf6 5. Nf3 Be7 6. g4 O-O 7. Rg1 d5 8. Be2 c5
9. d3 Nc6 10. g5 Ne8 11. d4 cxd4 12. exd4 Nd6 13. Nc3 dxc4 14. d5 exd5 15. Nxd5
Ne4 16. bxc4 Bc5 17. Rg2 Nb4 18. Nf4 Re8 19. Qb3 Qd6 20. Nh5 Nd2 21. Nxd2 Bxg2
22. Bxg7 Nd3+ 23. Kd1 Nxf2+ 24. Ke1 Rxe2+ 0-1

[Event "XtraCon-Skakligaen"]
[Site "Denmark"]
[Date "2014.12.14"]
[Round "3.4"]
[White "Matthiesen, Martin"]
[Black "Pedersen, Steffen"]
[Result "1/2-1/2"]
[WhiteElo "2260"]
[BlackElo "2417"]
[PlyCount "72"]
[EventDate "2014.10.25"]
[EventType "team-tourn"]
[EventRounds "9"]
[EventCountry "DEN"]
[WhiteTeam "SK1968"]
[BlackTeam "Skanderborg"]
[WhiteTeamCountry "DEN"]
[BlackTeamCountry "DEN"]

1. d4 d5 2. c4 e6 3. Nc3 Nf6 4. cxd5 exd5 5. Bg5 c6 6. Qc2 Be7 7. e3 Nbd7 8.
Bd3 Nh5 9. Bxe7 Qxe7 10. O-O-O Nb6 11. h3 g6 12. Nf3 Ng7 13. g4 Be6 14. Kb1
O-O-O 15. Na4 Nxa4 16. Qxa4 Kb8 17. Rc1 Ne8 18. Rc3 Nd6 19. Ra3 Nc8 20. Rc1 Bd7
21. Qd1 f6 22. Nd2 Be8 23. Nb3 b6 24. Nd2 Nd6 25. Rac3 Bd7 26. Qe2 Rhe8 27. Qf3
Kb7 28. Qg3 Rc8 29. Ka1 a5 30. Qg2 a4 31. Ra3 Ra8 32. Rac3 Ra5 33. R3c2 Raa8
34. Qg3 Rec8 35. Qg2 Re8 36. Qg3 Rec8 1/2-1/2

[Event "XtraCon-Skakligaen"]
[Site "Denmark"]
[Date "2014.12.14"]
[Round "3.5"]
[White "Boe, Mads"]
[Black "Lindfeldt, Jan Magnus"]
[Result "1-0"]
[WhiteElo "2351"]
[BlackElo "2261"]
[PlyCount "79"]
[EventDate "2014.10.25"]
[EventType "team-tourn"]
[EventRounds "9"]
[EventCountry "DEN"]
[WhiteTeam "Skanderborg"]
[BlackTeam "SK1968"]
[WhiteTeamCountry "DEN"]
[BlackTeamCountry "DEN"]

1. d4 e6 2. e4 d5 3. e5 c5 4. c3 Nc6 5. Be3 Qb6 6. Qd2 Nh6 7. Nf3 Bd7 8. Bd3
Rc8 9. dxc5 Bxc5 10. Bxc5 Qxc5 11. O-O O-O 12. Qe2 f6 13. exf6 Rxf6 14. Nbd2
Rcf8 15. Bb5 a6 16. Bxc6 Bxc6 17. Nb3 Qd6 18. Nbd4 Nf7 19. Rae1 Bb5 20. Nxb5
axb5 21. a3 Qb6 22. Qe3 Qxe3 23. Rxe3 Nd6 24. Nd4 Ne4 25. f3 e5 26. Nxb5 Nd2
27. Rd1 Nc4 28. Re2 e4 29. fxe4 dxe4 30. b3 Na5 31. b4 Nc4 32. Rxe4 Nd2 33.
Ree1 Rf2 34. Nd6 b6 35. Re8 Rxe8 36. Kxf2 Rf8+ 37. Ke2 Nb3 38. Rb1 Rd8 39. Rxb3
Rxd6 40. c4 1-0

[Event "XtraCon-Skakligaen"]
[Site "Denmark"]
[Date "2014.12.14"]
[Round "3.6"]
[White "Rewitz, Poul"]
[Black "Andersen, Jackie"]
[Result "1/2-1/2"]
[WhiteElo "2253"]
[BlackElo "2356"]
[PlyCount "58"]
[EventDate "2014.10.25"]
[EventType "team-tourn"]
[EventRounds "9"]
[EventCountry "DEN"]
[WhiteTeam "SK1968"]
[BlackTeam "Skanderborg"]
[WhiteTeamCountry "DEN"]
[BlackTeamCountry "DEN"]

1. e4 g6 2. d4 Bg7 3. Nf3 c6 4. Be2 d6 5. O-O Nd7 6. a4 Ngf6 7. Nbd2 O-O 8. c3
e5 9. Qc2 Re8 10. Re1 d5 11. exd5 e4 12. Ne5 cxd5 13. f4 exf3 14. Ndxf3 Ne4 15.
Be3 Nxe5 16. dxe5 Bf5 17. Qb3 Be6 18. Bd4 b6 19. Qb5 g5 20. Qd3 Qc7 21. Qe3 h6
22. Bb5 Re7 23. Bd3 Rae8 24. Nd2 Bxe5 25. Bxe5 Qxe5 26. Nf3 Qd6 27. Bxe4 dxe4
28. Nxg5 Bf5 29. Nh3 Bxh3 1/2-1/2

[Event "XtraCon-Skakligaen"]
[Site "Denmark"]
[Date "2014.12.14"]
[Round "3.7"]
[White "Hansen, Mads"]
[Black "Pedersen, Gunnar"]
[Result "1/2-1/2"]
[WhiteElo "2320"]
[BlackElo "2232"]
[PlyCount "46"]
[EventDate "2014.10.25"]
[EventType "team-tourn"]
[EventRounds "9"]
[EventCountry "DEN"]
[WhiteTeam "Skanderborg"]
[BlackTeam "SK1968"]
[WhiteTeamCountry "DEN"]
[BlackTeamCountry "DEN"]

1. e4 c5 2. Nf3 e6 3. d4 cxd4 4. Nxd4 Bc5 5. Nb3 Bb6 6. c4 Ne7 7. Nc3 O-O 8.
Be2 Nbc6 9. O-O f5 10. c5 Bc7 11. f4 b6 12. Kh1 Rb8 13. cxb6 Bxb6 14. e5 g5 15.
Qe1 gxf4 16. Bh5 Be3 17. Bxe3 fxe3 18. Qxe3 Ng6 19. Rf3 Ncxe5 20. Rg3 f4 21.
Qxe5 fxg3 22. Bxg6 Qh4 23. h3 Qf4 1/2-1/2

[Event "XtraCon-Skakligaen"]
[Site "Denmark"]
[Date "2014.12.14"]
[Round "3.8"]
[White "Bindzus, Niels"]
[Black "Pedersen, Jan Rode"]
[Result "1/2-1/2"]
[WhiteElo "2182"]
[BlackElo "2195"]
[PlyCount "59"]
[EventDate "2014.10.25"]
[EventType "team-tourn"]
[EventRounds "9"]
[EventCountry "DEN"]
[WhiteTeam "SK1968"]
[BlackTeam "Skanderborg"]
[WhiteTeamCountry "DEN"]
[BlackTeamCountry "DEN"]

1. e4 e5 2. Bc4 Nc6 3. Nf3 Nf6 4. d4 exd4 5. O-O Nxe4 6. Re1 d5 7. Bxd5 Qxd5 8.
Nc3 Qa5 9. Nxe4 Be6 10. Neg5 O-O-O 11. Nxe6 fxe6 12. Rxe6 Qf5 13. Qe2 Bd6 14.
Bg5 Rdf8 15. Re1 Qd5 16. Qe4 Qxe4 17. R6xe4 Rf5 18. Bh4 Rc5 19. R1e2 Ra5 20. a3
Rb5 21. b4 a5 22. Nxd4 Nxd4 23. Rxd4 axb4 24. axb4 Bxb4 25. g4 Bd6 26. Kg2 Re5
27. Rxe5 Bxe5 28. Re4 Bd6 29. Bg3 Kd7 30. h4 1/2-1/2

[Event "XtraCon-Skakligaen"]
[Site "Denmark"]
[Date "2014.12.14"]
[Round "3.1"]
[White "Hoi, Carsten"]
[Black "Teplyi, Igor"]
[Result "1/2-1/2"]
[WhiteElo "2395"]
[BlackElo "2381"]
[PlyCount "114"]
[EventDate "2014.10.25"]
[EventType "team-tourn"]
[EventRounds "9"]
[EventCountry "DEN"]
[WhiteTeam "Bronshoj"]
[BlackTeam "Nordre"]
[WhiteTeamCountry "DEN"]
[BlackTeamCountry "DEN"]

1. d4 Nf6 2. Nf3 g6 3. c4 Bg7 4. Nc3 d5 5. cxd5 Nxd5 6. e4 Nxc3 7. bxc3 c5 8.
Be3 Qa5 9. Qd2 O-O 10. Rc1 Rd8 11. d5 e6 12. Bg5 f6 13. c4 Qxd2+ 14. Bxd2 b6
15. Bd3 exd5 16. cxd5 Ba6 17. Ke2 f5 18. Bg5 Re8 19. Nd2 h6 20. Be3 fxe4 21.
Bc4 b5 22. Bb3 c4 23. Bc2 b4 24. Kd1 Nd7 25. Ba4 Ne5 26. Bxe8 Rxe8 27. Nxe4 Rd8
28. Nc5 Bb5 29. Kc2 Rxd5 30. Kb1 c3 31. Rcd1 Nd3 32. Kc2 Rxc5 33. Bxc5 Nxc5 34.
Rd5 Ba4+ 35. Kc1 b3 36. axb3 Nxb3+ 37. Kb1 Nd2+ 38. Kc1 Bf8 39. Rd8 Kf7 40.
Rxf8+ Kxf8 41. Re1 Nc4 42. Re4 Nb6 43. Re5 Kf7 44. Rc5 c2 45. Rc7+ Ke6 46. Rxa7
Kd5 47. f4 Bb3 48. Rb7 Kc6 49. Rg7 Nd5 50. Rxg6+ Kb5 51. Rg3 Ka4 52. Kb2 Nb4
53. Rxb3 c1=Q+ 54. Kxc1 Kxb3 55. Kd2 Nd5 56. g3 Kc4 57. Ke2 Nf6 1/2-1/2

[Event "XtraCon-Skakligaen"]
[Site "Denmark"]
[Date "2014.12.14"]
[Round "3.2"]
[White "Baekgaard, Martin"]
[Black "Aabling Thomsen, Jakob"]
[Result "0-1"]
[WhiteElo "2318"]
[BlackElo "2316"]
[PlyCount "58"]
[EventDate "2014.10.25"]
[EventType "team-tourn"]
[EventRounds "9"]
[EventCountry "DEN"]
[WhiteTeam "Nordre"]
[BlackTeam "Bronshoj"]
[WhiteTeamCountry "DEN"]
[BlackTeamCountry "DEN"]

1. d4 g6 2. c4 Bg7 3. e4 d6 4. Nc3 e5 5. Nge2 Ne7 6. h4 Nbc6 7. Be3 f5 8. f3
fxe4 9. Nxe4 exd4 10. Nxd4 O-O 11. Qd2 Nf5 12. Nxf5 Bxf5 13. O-O-O Qe8 14. Bd3
Ne5 15. Be2 Be6 16. Qc2 Qc6 17. b3 a5 18. a4 Qe8 19. Bd4 Rd8 20. Qb2 Bf5 21.
Bc3 Bxe4 22. fxe4 Qe7 23. Kb1 Rf4 24. h5 Rxe4 25. hxg6 hxg6 26. Qc2 Re3 27. Qd2
Rg3 28. c5 d5 29. Bd4 Rxb3+ 0-1

[Event "XtraCon-Skakligaen"]
[Site "Denmark"]
[Date "2014.12.14"]
[Round "3.3"]
[White "Bromann, Thorbjorn"]
[Black "Petersen, Tom Petri"]
[Result "1-0"]
[WhiteElo "2438"]
[BlackElo "2334"]
[PlyCount "73"]
[EventDate "2014.10.25"]
[EventType "team-tourn"]
[EventRounds "9"]
[EventCountry "DEN"]
[WhiteTeam "Bronshoj"]
[BlackTeam "Nordre"]
[WhiteTeamCountry "DEN"]
[BlackTeamCountry "DEN"]

1. e4 g6 2. d4 Bg7 3. Nf3 d6 4. Bc4 a6 5. c3 e6 6. O-O Nd7 7. Re1 Ne7 8. Nbd2
O-O 9. Nf1 b5 10. Bd3 c5 11. Be3 Nc6 12. Rc1 e5 13. Bb1 Bb7 14. Qd2 cxd4 15.
cxd4 exd4 16. Nxd4 Nce5 17. b3 Nf6 18. Bh6 Bxh6 19. Qxh6 Qb6 20. Rcd1 Rfe8 21.
Ng3 Bc8 22. h3 Qc5 23. b4 Qxb4 24. Qg5 Ned7 25. Ndf5 Qc3 26. Re3 Qe5 27. Qh6
gxf5 28. Nxf5 Ng4 29. Rg3 Re6 30. Rxg4+ Rg6 31. Rd5 Qf6 32. Rxd6 Qe5 33. f4
Qc5+ 34. Kh2 Rxg4 35. hxg4 Qc3 36. e5 Nxe5 37. Rd8# 1-0

[Event "XtraCon-Skakligaen"]
[Site "Denmark"]
[Date "2014.12.14"]
[Round "3.4"]
[White "Sloth, Jorn"]
[Black "Palm, Nikolaj"]
[Result "1/2-1/2"]
[WhiteElo "2318"]
[BlackElo "2340"]
[PlyCount "32"]
[EventDate "2014.10.25"]
[EventType "team-tourn"]
[EventRounds "9"]
[EventCountry "DEN"]
[WhiteTeam "Nordre"]
[BlackTeam "Bronshoj"]
[WhiteTeamCountry "DEN"]
[BlackTeamCountry "DEN"]

1. Nf3 d5 2. e3 e6 3. b3 Nf6 4. Bb2 Bd6 5. c4 O-O 6. Nc3 Nbd7 7. Qc2 c6 8. Be2
Re8 9. O-O e5 10. cxd5 Nxd5 11. Ne4 Bc7 12. Rad1 Qe7 13. Ng3 Nf8 14. d4 Ng6 15.
dxe5 Nxe5 16. Bd4 f6 1/2-1/2

[Event "XtraCon-Skakligaen"]
[Site "Denmark"]
[Date "2014.12.14"]
[Round "3.5"]
[White "Carstensen, Jacob"]
[Black "Veng, Johny"]
[Result "1/2-1/2"]
[WhiteElo "2357"]
[BlackElo "2281"]
[PlyCount "48"]
[EventDate "2014.10.25"]
[EventType "team-tourn"]
[EventRounds "9"]
[EventCountry "DEN"]
[WhiteTeam "Bronshoj"]
[BlackTeam "Nordre"]
[WhiteTeamCountry "DEN"]
[BlackTeamCountry "DEN"]

1. d4 d5 2. c4 c6 3. Nf3 Nf6 4. Nc3 dxc4 5. a4 Bf5 6. e3 e6 7. Bxc4 Bb4 8. O-O
Nbd7 9. Qb3 a5 10. h3 O-O 11. Nh4 Nb6 12. Nxf5 exf5 13. Bd3 g6 14. Qc2 Re8 15.
Rd1 Nbd5 16. Nxd5 Nxd5 17. Bc4 Qd7 18. Qb3 Nb6 19. Bd2 Nxc4 20. Qxc4 Bxd2 21.
Rxd2 f4 22. Re1 Re4 23. Qc5 Rae8 24. Rd3 fxe3 1/2-1/2

[Event "XtraCon-Skakligaen"]
[Site "Denmark"]
[Date "2014.12.14"]
[Round "3.6"]
[White "Hoiberg, Nina"]
[Black "Greger, Roland Reinhard"]
[Result "1-0"]
[WhiteElo "2209"]
[BlackElo "2331"]
[PlyCount "91"]
[EventDate "2014.10.25"]
[EventType "team-tourn"]
[EventRounds "9"]
[EventCountry "DEN"]
[WhiteTeam "Nordre"]
[BlackTeam "Bronshoj"]
[WhiteTeamCountry "DEN"]
[BlackTeamCountry "DEN"]

1. e4 e6 2. Nf3 d5 3. Nc3 Nf6 4. e5 Nfd7 5. d4 c5 6. dxc5 Nc6 7. Bf4 Bxc5 8.
Bd3 h6 9. Bg3 a6 10. O-O b5 11. Re1 Nb6 12. a4 b4 13. Ne2 g5 14. c3 Na5 15.
Ned4 Bd7 16. Qe2 bxc3 17. bxc3 Nbc4 18. Reb1 g4 19. Nd2 Nxd2 20. Qxd2 Nc6 21.
Nb3 Be7 22. c4 Bg5 23. Qe2 h5 24. cxd5 exd5 25. f4 gxf3 26. Qxf3 Bg4 27. Qf2 h4
28. Bf4 Nb4 29. Nc5 Nxd3 30. Nxd3 Bf5 31. Rf1 Rg8 32. Ra2 Rc8 33. Rb2 Rg7 34.
Nc5 Qe7 35. Nb7 Qa3 36. Nd6+ Kd7 37. Bxg5 Rxg5 38. Rb7+ Ke6 39. Nxc8 d4 40. Ne7
Rxg2+ 41. Kxg2 Be4+ 42. Kg1 Bxb7 43. Qxf7+ Kxe5 44. Re1+ Kd6 45. Nc8+ Kc6 46.
Re6+ 1-0

[Event "XtraCon-Skakligaen"]
[Site "Denmark"]
[Date "2014.12.14"]
[Round "3.7"]
[White "Holmsgaard, Henrik"]
[Black "Christensen, Jan Schleicher"]
[Result "0-1"]
[WhiteElo "2301"]
[BlackElo "2208"]
[PlyCount "100"]
[EventDate "2014.10.25"]
[EventType "team-tourn"]
[EventRounds "9"]
[EventCountry "DEN"]
[WhiteTeam "Bronshoj"]
[BlackTeam "Nordre"]
[WhiteTeamCountry "DEN"]
[BlackTeamCountry "DEN"]

1. e4 e5 2. Nf3 Nc6 3. Bc4 Bc5 4. c3 Nf6 5. d3 O-O 6. O-O d5 7. exd5 Nxd5 8.
Re1 Re8 9. d4 Bb6 10. dxe5 Nce7 11. Nbd2 Bg4 12. h3 Bh5 13. Ne4 Qd7 14. Ng3 Bg6
15. Bg5 c6 16. Qb3 h6 17. e6 Qc7 18. exf7+ Bxf7 19. Be3 Ng6 20. Bxb6 axb6 21.
Qc2 b5 22. Bb3 Ngf4 23. Qf5 Bg6 24. Qg4 Kh7 25. Nd4 Rf8 26. Bxd5 cxd5 27. Ne6
Nxe6 28. Rxe6 Qf7 29. Qe2 b4 30. cxb4 d4 31. a3 d3 32. Qe3 Rac8 33. Ne4 Rc2 34.
Rd6 Re2 35. Qxd3 Rxe4 36. Qd2 Rf4 37. f3 b5 38. Re1 Rc4 39. Rd7 Qf5 40. Ree7
Rf7 41. Qd6 Rxe7 42. Qxe7 Qb1+ 43. Kh2 Qxb2 44. Qd6 Rc1 45. Re7 Rc2 46. Qg3 Re2
47. Rb7 Qd4 48. Rxb5 Ra2 49. Rb7 Ra1 50. Qc7 h5 0-1

[Event "XtraCon-Skakligaen"]
[Site "Denmark"]
[Date "2014.12.14"]
[Round "3.8"]
[White "Klitgaard, Thomas"]
[Black "Junge, Ralph"]
[Result "0-1"]
[WhiteElo "2197"]
[BlackElo "2271"]
[PlyCount "96"]
[EventDate "2014.10.25"]
[EventType "team-tourn"]
[EventRounds "9"]
[EventCountry "DEN"]
[WhiteTeam "Nordre"]
[BlackTeam "Bronshoj"]
[WhiteTeamCountry "DEN"]
[BlackTeamCountry "DEN"]

1. d4 Nf6 2. Nf3 g6 3. c4 Bg7 4. Nc3 O-O 5. e4 d6 6. Be2 e5 7. d5 Na6 8. Bg5 h6
9. Bh4 Qe8 10. Nd2 Bd7 11. O-O Nh7 12. Rc1 h5 13. f3 Bh6 14. Bf2 Qe7 15. Rc2
Nb4 16. Rc1 Qg5 17. Be1 Qe3+ 18. Kh1 Nd3 19. Bxd3 Qxd3 20. Qe2 Qxe2 21. Nxe2 c5
22. Rd1 b5 23. Nb1 b4 24. Bd2 Bg7 25. b3 Rfb8 26. Be3 a5 27. Nd2 a4 28. h3 f5
29. f4 axb3 30. axb3 Ra2 31. Nc1 Rc2 32. fxe5 Bxe5 33. Nd3 Bc3 34. e5 dxe5 35.
Nxc5 Nf8 36. Nb1 f4 37. Bg1 Bf5 38. Rfe1 Bxe1 39. Rxe1 Rb2 40. Na6 Rc8 41. Nxb4
Rxb1 42. Rxb1 Bxb1 43. Nc6 Ra8 44. Nxe5 Be4 45. h4 Ra2 46. Nf3 Nd7 47. d6 Bxf3
48. gxf3 Rc2 0-1

[Event "XtraCon-Skakligaen"]
[Site "Denmark"]
[Date "2015.01.10"]
[Round "4.1"]
[White "Hillarp Persson, Tiger"]
[Black "Hector, Jonny"]
[Result "1/2-1/2"]
[WhiteElo "2555"]
[BlackElo "2488"]
[PlyCount "237"]
[EventDate "2014.10.25"]
[EventType "team-tourn"]
[EventRounds "9"]
[EventCountry "DEN"]
[WhiteTeam "Bronshoj"]
[BlackTeam "Nordkalotten"]
[WhiteTeamCountry "DEN"]
[BlackTeamCountry "DEN"]

1. d4 d5 2. c4 c6 3. Nc3 Nf6 4. e3 Bf5 5. Nf3 e6 6. Nh4 Bg6 7. Nxg6 hxg6 8. a3
Nbd7 9. g3 Be7 10. Qd3 e5 11. cxd5 cxd5 12. dxe5 Nxe5 13. Qb5+ Kf8 14. Bg2 Rh5
15. Qe2 Qb6 16. O-O Rd8 17. b4 a6 18. Bb2 Qe6 19. Rad1 Nc4 20. Nxd5 Nxb2 21.
Nf4 Qa2 22. Rxd8+ Bxd8 23. Qd2 Be7 24. Nxh5 gxh5 25. Rc1 g6 26. Rc2 Qa1+ 27.
Rc1 Qxa3 28. e4 Qxb4 29. Rc8+ Kg7 30. Qxb4 Bxb4 31. e5 Ng4 32. Bxb7 Nxe5 33.
Bxa6 Nbd3 34. Bxd3 Nxd3 35. f4 Nc5 36. Kg2 Ne6 37. Kf3 Nd4+ 38. Ke4 Nf5 39. Rc7
Ba5 40. Rd7 Bb6 41. Kf3 Nd4+ 42. Ke4 Ne6 43. Kf3 Bc7 44. Rd5 Kf6 45. Rd7 Bb6
46. Kg2 Bc5 47. Rd5 Be3 48. Kf3 Ba7 49. Rd7 Bb8 50. Kg2 Ng7 51. Rd8 Ba7 52. Kf3
Nf5 53. Ra8 Bc5 54. Ra6+ Ke7 55. Ra1 Ke6 56. Re1+ Kf6 57. Rc1 Bd6 58. Rd1 Bc5
59. Rc1 Nd4+ 60. Ke4 Ne6 61. Rd1 Ba7 62. Ra1 Bb8 63. Rb1 Bc7 64. Rc1 Bd6 65.
Rd1 Nc5+ 66. Kf3 Ke6 67. Re1+ Kd7 68. Ra1 f5 69. Ra7+ Ke6 70. Rg7 Kf6 71. Ra7
Ne4 72. Ra6 Ke6 73. Ra7 Bc5 74. Ra6+ Kf7 75. Rc6 Be7 76. Ra6 Nf6 77. Rc6 Ng4
78. h3 Nf6 79. h4 Ne4 80. Ra6 Bc5 81. Ra2 Bd4 82. Rc2 Bc3 83. Rc1 Ke6 84. Rd1
Bb4 85. Ra1 Bc3 86. Rd1 Bb2 87. Rd3 Nc5 88. Rd1 Bc3 89. Rb1 Kf7 90. Rd1 Ke7 91.
Rc1 Ne4 92. Rd1 Ke6 93. Kg2 Bb4 94. Ra1 Bc5 95. Ra6+ Kf7 96. Ra2 Bd4 97. Rc2
Be3 98. Rc7+ Kg8 99. Rc8+ Kg7 100. Rc7+ Kf6 101. Rc2 Bd2 102. Ra2 Be1 103. Ra3
Kg7 104. Re3 Bc3 105. Rd3 Kf7 106. Rd1 Bb4 107. Ra1 Bc5 108. Ra2 Bd4 109. Rc2
Be3 110. Rc7+ Ke6 111. Rc6+ Nd6 112. Kf3 Bd4 113. Rc7 Bb6 114. Rc6 Ba5 115. Ra6
Bb4 116. Ra8 Bc5 117. Rg8 Kf7 118. Ra8 Ne4 119. Ra2 1/2-1/2

[Event "XtraCon-Skakligaen"]
[Site "Denmark"]
[Date "2015.01.10"]
[Round "4.2"]
[White "Brynell, Stellan"]
[Black "Hoi, Carsten"]
[Result "1-0"]
[WhiteElo "2459"]
[BlackElo "2395"]
[PlyCount "101"]
[EventDate "2014.10.25"]
[EventType "team-tourn"]
[EventRounds "9"]
[EventCountry "DEN"]
[WhiteTeam "Nordkalotten"]
[BlackTeam "Bronshoj"]
[WhiteTeamCountry "DEN"]
[BlackTeamCountry "DEN"]

1. e4 e6 2. d4 d5 3. Nd2 Be7 4. Bd3 c5 5. dxc5 Nd7 6. exd5 exd5 7. Nb3 Ngf6 8.
Be3 O-O 9. Nf3 Qc7 10. O-O Nxc5 11. Nxc5 Bxc5 12. Bxc5 Qxc5 13. h3 Re8 14. c3
Ne4 15. Nd4 Bd7 16. Qc2 Re7 17. Rfe1 Rae8 18. Re2 h6 19. Rae1 Nf6 20. Qd2 Rxe2
21. Rxe2 Rxe2 22. Qxe2 Qd6 23. Qe3 Qb6 24. b4 Qc7 25. Ne2 a6 26. Qe7 Qc8 27.
Qe5 Qe8 28. Qxe8+ Nxe8 29. Nd4 Nd6 30. f4 g5 31. Kf2 Kg7 32. Ke3 Kf6 33. a3 Ba4
34. fxg5+ hxg5 35. g3 Bd7 36. h4 Bg4 37. a4 Bd7 38. a5 Bg4 39. Nf3 gxh4 40.
gxh4 Bh5 41. Kf4 Bg6 42. Bxg6 fxg6 43. Ne5 Nb5 44. Nd7+ Ke7 45. Nc5 Nxc3 46.
Ke5 Na2 47. Nd3 Nc3 48. Kd4 Nb5+ 49. Kxd5 Nc7+ 50. Kc5 Kd8 51. Nf4 1-0